000 00333nam a22001457a 4500
020 _a81-219-0815-90
041 _aENG
100 _aMathur.D.S
245 _aElements of Properties Of Matter
250 _aFirst Edi
260 _aNew Delhi
_bS. Chand &Company lTD
_c1998
300 _a580
650 _aPhysisc
856 _uPhysisc
999 _c281
_d281